Statistics for North African Countries- Map Quiz

Click here to take the quiz!

General Stats

  • This quiz has been taken 28 times
  • The average score is 6 of 6

Answers on the Map

Answers color-coded by a green-red scale on the quiz's map according to % correct below.
 

Answer Stats

Answer% Correct
Sudan
100%
Egypt
96%
Libya
93%
Morocco
93%
Algeria
89%
Tunisia
89%

Score Distribution

Percentile by Number Answered

Percent of People with Each Score

Your Score History

You have not taken this quiz